=LDR 00000nam 2200000 4500 =001 INLIS000000000037436 =005 20130612143152 =008 ***********************************Ind** =035 ##$$0010-061300000037436 =041 ##$$a Ind =082 ##$$a 650 =090 ##$$a 650, Pri p =100 ##$$a Primasetra, A =245 ##$$a Peluang usaha untuk ibu ruamh tangga modal 1 juta, A. Primasetra; Penyunting, Intan Puspitasari =260 ##$$a 2010 $b Yogyakarta =300 ##$$a 164 hlm, Ilus, 25 cm =650 ##$$a Bisnis =700 ##$$a Puspitasari, Intan =850 ##$$a NBPNMAT =990 ##$$a 0001/BPAP-NTB/20142015 =990 ##$$a 0001/BPAP-NTB/2015 =990 ##$$a 0001/BPAP-NTB/2015 =990 ##$$a 0001/BPAP-NTB/2015